世界の万国博覧会開催地 World's Fair Sites - Statistics

General Stats
  • This quiz has been taken 19 times
  • The average score is 44 of 115
Answer Stats
答える % Correct
1851 | 1862 ロンドン
100%
1853 | 1939-1940 | 1964-1965 ニューヨーク
100%
1855 | 1867 | 1878 | +6 others パリ
100%
1970 | 1990 | 2025(予定) 大阪
100%
2019 北京
100%
1957 ベルリン
93%
2005 愛知
87%
1915 サンフランシスコ
80%
1953 ローマ
80%
2010 上海
80%
1906 | 2015 ミラノ
73%
1893 | 1933 シカゴ
67%
1938 ヘルシンキ
67%
1965 | 1983 ミュンヘン
67%
1985 つくば
67%
1998 リスボン
67%
1888 | 1929 バルセロナ
60%
2021 ドバイ
60%
1873 | 1964 | 1974 ウィーン
53%
1936 | 1949 ストックホルム
53%
1962 シアトル
53%
1972 | 1982 アムステルダム
53%
1986 バンクーバー
53%
1975-1976 沖縄
47%
2027(予定) 横浜
47%
1880 メルボルン
40%
1955 | 1961 トリノ
40%
1967 | 1980 モントリオール
40%
2030(予定) リヤド
40%
1897 | 1910 | 1935 | 1958 ブリュッセル
33%
1904 セントルイス
33%
1984 リバプール
33%
2023 ドーハ
33%
2023(中止) ブエノスアイレス
33%
1876 フィラデルフィア
27%
1960 ロッテルダム
27%
1988 ブリスベン
27%
1954 ナポリ
20%
1971 ブダペスト
20%
1949 リヨン
13%
1993 大田
13%
1933 | 1936 | 1940 | +12 others ミラノ・トリエンナーレ
7%
1963 | 1973 ハンブルク
7%
1992 セビリア
7%
2000 ハノーヴァー
7%
2012 麗水
7%
1884 ニューオリンズ
0%
1905 | 1939 リエージュ
0%
1913 ヘント
0%
1949 ポルトープランス
0%
1951 リール
0%
1953 エルサレム
0%
1955 ヘルシンボリ
0%
1956 ベト・ダゴン
0%
1968 サンアントニオ
0%
1974 スポーケン
0%
1981 | 1985 | 1991 プロヴディフ
0%
1982 ノックスビル
0%
1984 ニューオーリンズ
0%
1992 ジェノヴァ
0%
1992 ハーグ・ズータメア
0%
1993 シュトゥットガルト
0%
1999 昆明
0%
2002 ハーレマーメール
0%
2003 ロストック
0%
2006 チェンマイ
0%
2008 サラゴサ
0%
2012 フェンロー
0%
2016 アンタルヤ
0%
2017 アスタナ
0%
2022 アルメーレ
0%
No matching quizzes found
Score Distribution
Percent of People with Each Score
Percentile by Number Answered
Your Score History
You have not taken this quiz